[Event "DEM U14 2015"]
[Site "Willingen GER"]
[Date "2015.05.24"]
[Round "2"]
[White "Hinrichs, Niklas"]
[Black "Schumacher, Ole"]
[Result "0-1"]
[Termination "normal"]
[Board "23"]
[WhiteElo "1818"]
[BlackElo "1414"]
[PlyCount "110"]
[WhiteFideId "12942499"]
[BlackFideId "12971898"]
[EventCountry "GER"]
[EventRounds "9"]
[EventType "swiss"]
[EventDate "2015.05.23"]

1. d4 Nf6 2. c4 c5 3. d5 e6 4. Nc3 exd5 5. cxd5 d6 6. Bf4 g6 7. Nf3 a6 8. a4
Bg7 9. h3 O-O 10. e3 Re8 11. Bd3 Qc7 12. O-O Nfd7 13. Qe2 Ne5 14. Nd2 Nbd7 15.
Rfc1 Nxd3 16. Qxd3 Ne5 17. Qc2 Qa5 18. Bh2 f5 19. Ncb1 b5 20. Nb3 Qb4 21. axb5
Qxb5 22. Na3 Qb4 23. Bxe5 Rxe5 24. Nc4 Rxd5 25. e4 Re5 26. Nxe5 Bxe5 27. Nd2
fxe4 28. Ra4 Qxb2 29. Qc4+ Kg7 30. Nxe4 Be6 31. Qf1 Qb3 32. Raa1 Bxa1 33. Rxa1
Qd5 34. Qe2 Qe5 35. Re1 Bf5 36. Nd2 Qxe2 37. Rxe2 Bd3 38. Re7+ Kf6 39. Rxh7 c4
40. Rc7 d5 41. Nf3 a5 42. g4 a4 43. Rc6+ Ke7 44. Nd4 a3 45. Re6+ Kd7 46. Re1 a2
47. Ra1 c3 48. Nf3 Bb1 49. Nd4 c2 50. Nb3 Rc8 51. Nc1 d4 52. Kf1 Rc3 53. Ke2
Rxh3 54. Kd2 Rh1 55. Nxa2 Rd1+ 0-1

[Event "DEM U14 2015"]
[Site "Willingen GER"]
[Date "2015.05.25"]
[Round "3"]
[White "Martin, Julian"]
[Black "Rieß, Alexander"]
[Result "0-1"]
[Termination "normal"]
[Board "1"]
[WhiteElo "2281"]
[BlackElo "2150"]
[WhiteClock "00:05:58"]
[BlackClock "00:08:11"]
[PlyCount "84"]
[WhiteFideId "12941000"]
[BlackFideId "12953326"]
[EventCountry "GER"]
[EventRounds "9"]
[EventType "swiss"]
[EventDate "2015.05.23"]

1. e4 e6 2. d4 d5 3. Nd2 Nf6 4. e5 Nfd7 5. Bd3 c5 6. c3 Nc6 7. Ne2 cxd4 8. cxd4
f6 9. exf6 Nxf6 10. Nf3 Bd6 11. O-O Qc7 12. Bg5 O-O 13. Bh4 Nh5 14. Bg3 Nxg3
15. Nxg3 g6 16. Rc1 Qg7 17. Bb1 Bd7 18. a3 Rae8 19. Qd3 a6 20. Rfe1 Bb8 21.
Rcd1 Ba7 22. Nf1 Kh8 23. Qc3 Rf4 24. g3 Bxd4 25. Nxd4 Rxd4 26. Nd2 Rf8 27. Qe3
Qf6 28. f4 Re8 29. Rc1 e5 30. fxe5 Rxe5 31. Qc3 Rxd2 32. Qxd2 Nd4 33. Qf2 Nf3+
34. Kh1 Rxe1+ 35. Rxe1 Bc6 36. Bd3 Kg7 37. Re2 d4 38. Be4 d3 39. Re3 d2 40. Qe2
Nd4 41. Qd1 Bxe4+ 42. Rxe4 Qc6 0-1

[Event "DEM U14 2015"]
[Site "Willingen GER"]
[Date "2015.05.25"]
[Round "3"]
[White "Fieberg, Samuel"]
[Black "Zienert, Richard"]
[Result "1-0"]
[Termination "normal"]
[Board "2"]
[WhiteElo "2168"]
[BlackElo "2085"]
[WhiteClock "00:21:32"]
[BlackClock "00:10:25"]
[PlyCount "143"]
[WhiteFideId "12901717"]
[BlackFideId "12945986"]
[EventCountry "GER"]
[EventRounds "9"]
[EventType "swiss"]
[EventDate "2015.05.23"]

1. e4 c6 2. d4 d5 3. e5 Bf5 4. Nf3 e6 5. Be2 Ne7 6. Nbd2 Nd7 7. O-O c5 8. c4
Nc6 9. Nb3 dxc4 10. Bxc4 Bg4 11. Be2 Be7 12. h3 Bh5 13. Bf4 O-O 14. Rc1 cxd4
15. Nfxd4 Bxe2 16. Qxe2 Nxd4 17. Nxd4 Nb6 18. Rfd1 Nd5 19. Bd2 Qd7 20. Qg4 Rfc8
21. Bh6 Bf8 22. Rxc8 Rxc8 23. Rd3 g6 24. Bxf8 Kxf8 25. Ne2 Qc7 26. Nc3 Nxc3 27.
Rxc3 Qd7 28. Rxc8+ Qxc8 29. Qd4 b6 30. a4 Qc6 31. b3 Qd5 32. Qc3 a5 33. Qe3 b5
34. axb5 Qxb5 35. Kh2 Qd5 36. g4 Kg7 37. Kg3 h6 38. h4 Qd1 39. f3 Qd5 40. h5 g5
41. Kf2 Qc6 42. Kg3 Qd5 43. Qc3 Qb5 44. Kf2 Qb6+ 45. Ke1 Qd8 46. Ke2 Qd5 47.
Ke3 Qb5 48. Kd2 a4 49. b4 Qd5+ 50. Kc2 Qa2+ 51. Qb2 Qc4+ 52. Kb1 Qd3+ 53. Ka2
Qd5+ 54. Ka1 Qxf3 55. b5 a3 56. Qb4 Qe3 57. b6 Qxe5+ 58. Ka2 Qd5+ 59. Kxa3 Qa8+
60. Kb3 Qd5+ 61. Ka4 Qa8+ 62. Qa5 Qe4+ 63. Qb4 Qa8+ 64. Kb3 Qd5+ 65. Qc4 Qd1+
66. Kb4 Qb1+ 67. Kc5 e5 68. Kc6 e4 69. b7 e3 70. Kc7 e2 71. Qxe2 Qc1+ 72. Kd7
1-0

[Event "DEM U14 2015"]
[Site "Willingen GER"]
[Date "2015.05.25"]
[Round "3"]
[White "Wong, Gengchun"]
[Black "Engel, Luis"]
[Result "1-0"]
[Termination "normal"]
[Board "3"]
[WhiteElo "2015"]
[BlackElo "2212"]
[WhiteClock "00:11:43"]
[BlackClock "00:04:48"]
[PlyCount "77"]
[WhiteFideId "12963283"]
[BlackFideId "12961523"]
[EventCountry "GER"]
[EventRounds "9"]
[EventType "swiss"]
[EventDate "2015.05.23"]

1. e4 c5 2. Nf3 d6 3. d4 cxd4 4. Nxd4 Nf6 5. Nc3 Nbd7 6. Bd3 g6 7. O-O Bg7 8.
Kh1 O-O 9. f4 Nc5 10. Nde2 Bd7 11. Ng3 Rc8 12. Qe2 a6 13. f5 Bc6 14. Bg5 Nfd7
15. h4 Na4 16. Nxa4 Bxa4 17. Rab1 Ne5 18. b3 Bc6 19. h5 h6 20. hxg6 fxg6 21.
fxg6 Qe8 22. Bc4+ Nxc4 23. Qxc4+ d5 24. Rxf8+ Bxf8 25. exd5 Bb5 26. Qe4 e6 27.
Nh5 hxg5 28. Nf6+ Kg7 29. Nxe8+ Rxe8 30. dxe6 Be7 31. Qxb7 Kxg6 32. Qe4+ Kg7
33. c4 Rh8+ 34. Kg1 Be8 35. Qd4+ Bf6 36. Qa7+ Kg6 37. Rf1 Rh4 38. Rxf6+ Kxf6
39. Qxa6 1-0

[Event "DEM U14 2015"]
[Site "Willingen GER"]
[Date "2015.05.25"]
[Round "3"]
[White "Buckels, Valentin"]
[Black "Weller, Uli"]
[Result "1/2-1/2"]
[Termination "normal"]
[Board "4"]
[WhiteElo "2178"]
[BlackElo "1786"]
[WhiteClock "00:32:21"]
[BlackClock "00:10:57"]
[PlyCount "120"]
[WhiteFideId "12942766"]
[BlackFideId "12971782"]
[EventCountry "GER"]
[EventRounds "9"]
[EventType "swiss"]
[EventDate "2015.05.23"]

1. d4 e6 2. c4 Nf6 3. Nc3 Bb4 4. e3 b6 5. Nge2 Bb7 6. a3 Bxc3+ 7. Nxc3 d6 8.
Be2 O-O 9. O-O c5 10. d5 exd5 11. Bf3 Qe7 12. Nxd5 Nxd5 13. Bxd5 Bxd5 14. Qxd5
Na6 15. Rd1 Nc7 16. Qd3 Rfe8 17. f3 Rad8 18. e4 Qe5 19. Bd2 Ne6 20. Bc3 Qg5 21.
Qd5 Qxd5 22. Rxd5 Nf4 23. Rd2 f6 24. Rad1 Re6 25. Kf2 Ng6 26. g3 Nh8 27. Rd5
Nf7 28. b3 Kf8 29. h4 Ke7 30. Bd2 Kd7 31. Bf4 Kc6 32. g4 Ne5 33. Kg3 h6 34. g5
hxg5 35. hxg5 Rf8 36. gxf6 Rexf6 37. Bxe5 Rxf3+ 38. Kg2 dxe5 39. Rd6+ Kb7 40.
Rd7+ Ka6 41. Rxg7 R3f4 42. b4 Rf2+ 43. Kg1 R2f7 44. Rxf7 Rxf7 45. Rd5 cxb4 46.
axb4 Rc7 47. c5 bxc5 48. bxc5 Kb5 49. c6+ Kxc6 50. Rxe5 Kd6 51. Rd5+ Ke6 52.
Kf2 Rb7 53. Ke3 Rf7 54. Ra5 Rb7 55. Ra4 Ke5 56. Ra5+ Ke6 57. e5 a6 58. Kd4 Rb4+
59. Kc5 Rb5+ 60. Rxb5 axb5 1/2-1/2

[Event "DEM U14 2015"]
[Site "Willingen GER"]
[Date "2015.05.25"]
[Round "3"]
[White "Rockmann, Jan-Okke"]
[Black "Schmidek, Emil"]
[Result "0-1"]
[Termination "normal"]
[Board "5"]
[WhiteElo "1833"]
[BlackElo "2163"]
[WhiteClock "01:25:02"]
[BlackClock "00:09:50"]
[PlyCount "34"]
[WhiteFideId "12942111"]
[BlackFideId "12908150"]
[EventCountry "GER"]
[EventRounds "9"]
[EventType "swiss"]
[EventDate "2015.05.23"]

1. e4 e5 2. Nf3 Nc6 3. d4 exd4 4. Bc4 Nf6 5. e5 d5 6. Bb5 Ne4 7. Nxd4 Bc5 8.
Nxc6 Bxf2+ 9. Kf1 bxc6 10. Bxc6+ Kf8 11. Qd3 Qh4 12. Bxa8 Bd4 13. Be3 Nc5 14.
Qd2 Ba6+ 15. Kg1 Qf4 16. Bf2 Bxf2+ 17. Qxf2 Qc1+ 0-1

[Event "DEM U14 2015"]
[Site "Willingen GER"]
[Date "2015.05.25"]
[Round "3"]
[White "Stein, Robert"]
[Black "Browning, Alex"]
[Result "1-0"]
[Termination "normal"]
[Board "6"]
[WhiteElo "2010"]
[BlackElo "1864"]
[WhiteClock "00:01:56"]
[BlackClock "01:05:59"]
[PlyCount "147"]
[WhiteFideId "12921084"]
[BlackFideId "12984019"]
[EventCountry "GER"]
[EventRounds "9"]
[EventType "swiss"]
[EventDate "2015.05.23"]

1. e4 c5 2. Nf3 d6 3. d4 cxd4 4. Nxd4 Nf6 5. Nc3 a6 6. Be3 e5 7. Nf3 Qc7 8. a4
Be7 9. Be2 O-O 10. O-O b6 11. Bg5 Nbd7 12. Nh4 g6 13. Nf3 Bb7 14. Nd2 Kg7 15.
Bc4 h6 16. Bxf6+ Nxf6 17. Qe2 Rfd8 18. Rfe1 Rac8 19. Bxa6 Bxa6 20. Qxa6 d5 21.
exd5 Nxd5 22. Nde4 f5 23. Nxd5 Rxd5 24. Nc3 Rd2 25. Rad1 Rcd8 26. Rxd2 Rxd2 27.
Qb5 Bc5 28. Re2 Qd6 29. Rxd2 Qxd2 30. Qe2 Qc1+ 31. Nd1 e4 32. h3 Qa1 33. b3 f4
34. Qd2 Bd4 35. Kf1 e3 36. fxe3 Bxe3 37. Qd7+ Kf6 38. Qd6+ Kf5 39. Qd5+ Kf6 40.
Ke2 Qc1 41. Qd3 g5 42. c4 Qa3 43. Nxe3 fxe3 44. Qxe3 Qb4 45. Qf3+ Kg6 46. Qc6+
Kg7 47. Qd7+ Kg6 48. Qe8+ Kg7 49. Qe3 Kg6 50. Qd2 Qe7+ 51. Kd3 Qc7 52. Qe3 Kf7
53. Qe4 Kg7 54. Qd4+ Kh7 55. Kc3 h5 56. Qe4+ Kg7 57. Qd4+ Kg6 58. Kb4 Qa7 59.
Kb5 Qa5+ 60. Kc6 Qa8+ 61. Kxb6 Qb8+ 62. Ka5 Qa8+ 63. Kb4 Qb7+ 64. Ka3 Qxg2 65.
c5 g4 66. hxg4 hxg4 67. Qd6+ Kg5 68. c6 Qc2 69. c7 Qc1+ 70. Kb4 Qe1+ 71. Kb5
Qe2+ 72. Ka5 Qe1+ 73. b4 Qe8 74. Qd8+ 1-0

[Event "DEM U14 2015"]
[Site "Willingen GER"]
[Date "2015.05.25"]
[Round "3"]
[White "Muckle, Julius"]
[Black "Langjahr, Marius"]
[Result "1-0"]
[Termination "normal"]
[Board "9"]
[WhiteElo "2129"]
[BlackElo "1812"]
[WhiteClock "00:26:50"]
[BlackClock "00:42:15"]
[PlyCount "71"]
[WhiteFideId "12942430"]
[BlackFideId "12974625"]
[EventCountry "GER"]
[EventRounds "9"]
[EventType "swiss"]
[EventDate "2015.05.23"]

1. d4 e6 2. c4 Nf6 3. Nc3 d5 4. Nf3 c6 5. e3 Nbd7 6. Qc2 Bd6 7. b3 O-O 8. Bb2
b6 9. Bd3 Bb7 10. O-O Rc8 11. e4 dxe4 12. Nxe4 Nxe4 13. Bxe4 Nf6 14. Rad1 Nxe4
15. Qxe4 Qe7 16. Rfe1 Rfe8 17. Qg4 Qf8 18. Ng5 Be7 19. Nh3 Bf6 20. Nf4 c5 21.
Ba3 Be7 22. dxc5 Bxc5 23. Bb2 f5 24. Qg3 Re7 25. Rxe6 Rce8 26. Rxe7 Rxe7 27. h4
Bc6 28. h5 Qb8 29. Bf6 Bd6 30. Bxe7 Bxf4 31. Bd6 Bxg3 32. Bxb8 Bxb8 33. Rd8+
Kf7 34. Rxb8 Be4 35. f3 Bb1 36. Rb7+ 1-0

[Event "DEM U14 2015"]
[Site "Willingen GER"]
[Date "2015.05.25"]
[Round "3"]
[White "Vuckovic, Zarko"]
[Black "Renger, Niklas"]
[Result "1-0"]
[Termination "normal"]
[Board "10"]
[WhiteElo "1790"]
[BlackElo "1942"]
[WhiteClock "00:36:55"]
[BlackClock "00:00:57"]
[PlyCount "43"]
[WhiteFideId "12952087"]
[BlackFideId "12908096"]
[EventCountry "GER"]
[EventRounds "9"]
[EventType "swiss"]
[EventDate "2015.05.23"]

1. e4 c5 2. Nf3 d6 3. d4 cxd4 4. Nxd4 Nf6 5. Nc3 g6 6. f4 Nc6 7. Nf3 Bg7 8. Bd3
O-O 9. O-O b6 10. Qe1 Nb4 11. Qh4 Bb7 12. f5 Nxd3 13. cxd3 Qd7 14. Bh6 e6 15.
Bg5 Qe7 16. d4 e5 17. d5 Rac8 18. h3 Rc4 19. Nh2 h6 20. Bxh6 Bxh6 21. Qxh6 Nxe4
22. Nxe4 1-0

[Event "DEM U14 2015"]
[Site "Willingen GER"]
[Date "2015.05.25"]
[Round "3"]
[White "Oganessjan, Artur"]
[Black "Reuker, Jari"]
[Result "0-1"]
[Termination "normal"]
[Board "11"]
[WhiteElo "1857"]
[BlackElo "2057"]
[PlyCount "140"]
[WhiteFideId "12986062"]
[BlackFideId "12909300"]
[EventCountry "GER"]
[EventRounds "9"]
[EventType "swiss"]
[EventDate "2015.05.23"]

1. e4 c5 2. Nf3 d6 3. d4 cxd4 4. Nxd4 Nf6 5. Nc3 Nc6 6. f3 e5 7. Nb3 Be7 8. Be3
O-O 9. Be2 Be6 10. g4 d5 11. g5 d4 12. gxf6 Bxf6 13. Bf2 dxc3 14. Qxd8 Rfxd8
15. bxc3 b6 16. O-O Kf8 17. Rfd1 Rac8 18. Ba6 Rc7 19. Rd3 Nb8 20. Rad1 Rxd3 21.
Bxd3 Rxc3 22. Be1 Rc7 23. a4 Nd7 24. a5 Be7 25. axb6 axb6 26. Ra1 g6 27. Bd2
Kg7 28. Kf2 Nc5 29. Nxc5 Bxc5+ 30. Be3 Bxe3+ 31. Kxe3 g5 32. Rb1 Rc6 33. Rg1
Kf6 34. Ra1 h5 35. Ra8 h4 36. Rb8 Ke7 37. Ra8 Kd6 38. Ra4 Rc5 39. c4 Ra5 40.
Rb4 Kc5 41. Rb2 Bc8 42. Rg2 f6 43. Rb2 Ba6 44. Kd2 Ra1 45. Ke3 Ra4 46. Rd2 Bxc4
47. Bxc4 Rxc4 48. Rd8 Rd4 49. Rc8+ Kb5 50. Rc7 Rd6 51. Rc1 Ka5 52. Ra1+ Kb4 53.
Rb1+ Kc3 54. Rb5 Kc4 55. Rb1 b5 56. Rc1+ Kb4 57. Rb1+ Ka5 58. Ra1+ Kb6 59. Rb1
Rd4 60. Kf2 b4 61. Kg2 Kb5 62. Kh3 Rd6 63. Kg4 Rb6 64. Kf5 Kc4 65. Rc1+ Kd3 66.
Rd1+ Ke2 67. Rb1 b3 68. Kg4 b2 69. h3 Kd2 70. Rxb2+ Rxb2 0-1

[Event "DEM U14 2015"]
[Site "Willingen GER"]
[Date "2015.05.25"]
[Round "3"]
[White "Wendler, David"]
[Black "Roseneck, Jonas"]
[Result "1-0"]
[Termination "normal"]
[Board "12"]
[WhiteElo "1807"]
[BlackElo "1975"]
[PlyCount "61"]
[WhiteFideId "12938360"]
[BlackFideId "12939870"]
[EventCountry "GER"]
[EventRounds "9"]
[EventType "swiss"]
[EventDate "2015.05.23"]

1. e4 c5 2. c3 Nf6 3. e5 Nd5 4. d4 cxd4 5. Nf3 e6 6. cxd4 d6 7. Bc4 Be7 8. O-O
Nc6 9. Qe2 O-O 10. Qe4 Bd7 11. Re1 Rc8 12. a3 Na5 13. Ba2 Ba4 14. Qg4 Kh8 15.
Nbd2 Bc2 16. Ne4 Nb3 17. Bxb3 Bxb3 18. Qh5 f6 19. Qh3 Rc6 20. exf6 Nxf6 21.
Nfg5 Qa5 22. Bd2 Qf5 23. Qxb3 Nxe4 24. Nxe4 d5 25. Qxb7 dxe4 26. Qxc6 Qxf2+ 27.
Kh1 Qxd2 28. Rf1 e3 29. Rxf8+ Bxf8 30. Rf1 g6 31. Qe8 1-0

[Event "DEM U14 2015"]
[Site "Willingen GER"]
[Date "2015.05.25"]
[Round "3"]
[White "Wierzbicki, Jirawat"]
[Black "Hoffmann, Lennard"]
[Result "1-0"]
[Termination "normal"]
[Board "13"]
[WhiteElo "1972"]
[BlackElo "1815"]
[PlyCount "65"]
[WhiteFideId "1153579"]
[BlackFideId "12943495"]
[EventCountry "GER"]
[EventRounds "9"]
[EventType "swiss"]
[EventDate "2015.05.23"]

1. e4 c5 2. c3 d5 3. exd5 Qxd5 4. d4 Nf6 5. Nf3 e6 6. Be3 cxd4 7. cxd4 Be7 8.
Nc3 Qd6 9. Bd3 O-O 10. O-O Nc6 11. a3 b6 12. Qe2 Bb7 13. Rad1 Rfd8 14. Bb1 Rac8
15. Bg5 Na5 16. Ba2 Ng4 17. Bxe7 Bxf3 18. Bxd6 Bxe2 19. Nxe2 Rxd6 20. Nc3 Nh6
21. d5 e5 22. Rfe1 f6 23. Nb5 Rd7 24. d6+ Kf8 25. Be6 Rcd8 26. Bxd7 Rxd7 27.
Rc1 a6 28. Rc8+ Kf7 29. Rc7 Ke8 30. Rxd7 Kxd7 31. Nc7 Kxd6 32. Ne8+ Kc5 33. b4+
1-0

[Event "DEM U14 2015"]
[Site "Willingen GER"]
[Date "2015.05.25"]
[Round "3"]
[White "Schäfer, Nicolas"]
[Black "Baltic, Fatih"]
[Result "0-1"]
[Termination "normal"]
[Board "14"]
[WhiteElo "1595"]
[BlackElo "1887"]
[PlyCount "98"]
[WhiteFideId "12988901"]
[BlackFideId "12979090"]
[EventCountry "GER"]
[EventRounds "9"]
[EventType "swiss"]
[EventDate "2015.05.23"]

1. d4 Nf6 2. c4 g6 3. Nc3 Bg7 4. Nf3 O-O 5. e4 d6 6. Be2 e5 7. d5 a5 8. O-O Na6
9. a3 Nc5 10. Qc2 a4 11. Nd2 Bd7 12. f3 b6 13. b4 axb3 14. Nxb3 Na4 15. Be3 Ne8
16. Na2 f5 17. Nb4 f4 18. Bf2 h5 19. Nc6 Qf6 20. Qc1 g5 21. Qe1 Bh6 22. Nd2 Rf7
23. Nb1 Rg7 24. g4 fxg3 25. hxg3 Bh3 26. Nd2 Bxf1 27. Bxf1 g4 28. f4 Rf7 29. f5
Rg7 30. Kh1 h4 31. gxh4 g3 32. Bxg3 Bxd2 33. Qxd2 Rxg3 34. Qh2 Rg7 35. Be2 Nc5
36. Bf3 Qh6 37. Rg1 Rxa3 38. Ne7+ Kh7 39. Rxg7+ Qxg7 40. Qg2 Qxg2+ 41. Kxg2 Nf6
42. h5 Ncxe4 43. Ng6 Ra2+ 44. Kg1 Ng5 45. Bg2 Nxh5 46. Nf8+ Kg8 47. Ne6 Nf4 48.
Bf1 Nf3+ 49. Kh1 Rh2# 0-1

[Event "DEM U14 2015"]
[Site "Willingen GER"]
[Date "2015.05.25"]
[Round "3"]
[White "Pommerenke, Kayonzo"]
[Black "Degenhard, Simon"]
[Result "1/2-1/2"]
[Termination "normal"]
[Board "15"]
[WhiteElo "1601"]
[BlackElo "1851"]
[PlyCount "112"]
[WhiteFideId "12968129"]
[BlackFideId "12944017"]
[EventCountry "GER"]
[EventRounds "9"]
[EventType "swiss"]
[EventDate "2015.05.23"]

1. e4 c5 2. d4 cxd4 3. Qxd4 Nc6 4. Qe3 Nf6 5. Nc3 d6 6. h3 g6 7. Nf3 Bg7 8. a3
O-O 9. Bd3 Be6 10. Ng5 Bd7 11. O-O Rc8 12. Qg3 Nh5 13. Qh2 Bxc3 14. bxc3 Ne5
15. Bd2 Nc4 16. Bf4 Qa5 17. Rab1 b6 18. Rb3 Nxf4 19. Qxf4 Qe5 20. Qc1 Na5 21.
Rb4 Rxc3 22. Nf3 Qf6 23. Qb2 Rfc8 24. Re1 Nc6 25. e5 Nxe5 26. Nxe5 dxe5 27.
Rbe4 Bf5 28. Rxe5 Bxd3 29. cxd3 Rxd3 30. Qb5 Rxa3 31. Rxe7 Ra1 32. Rxa1 Qxe7
33. Kh2 Qd6+ 34. g3 Qc5 35. Qxc5 bxc5 36. Rxa7 c4 37. Kg2 c3 38. Ra1 c2 39. Rc1
Rc3 40. Kf1 h5 41. h4 Kg7 42. Ke2 Kf6 43. Kd2 Rf3 44. Ke2 Rc3 45. Kd2 Rc6 46.
Rxc2 Rxc2+ 47. Kxc2 Kf5 48. Kd3 Kg4 49. Ke2 f5 50. Ke3 f4+ 51. gxf4 Kxh4 52. f5
gxf5 53. Kf4 Kh3 54. Kxf5 h4 55. Kg5 Kg2 56. Kxh4 Kxf2 1/2-1/2

[Event "DEM U14 2015"]
[Site "Willingen GER"]
[Date "2015.05.25"]
[Round "3"]
[White "Schumacher, Ole"]
[Black "Weber, Samuel"]
[Result "1/2-1/2"]
[Termination "normal"]
[Board "16"]
[WhiteElo "1414"]
[BlackElo "1954"]
[PlyCount "128"]
[WhiteFideId "12971898"]
[BlackFideId "12924008"]
[EventCountry "GER"]
[EventRounds "9"]
[EventType "swiss"]
[EventDate "2015.05.23"]

1. e4 d5 2. exd5 Qxd5 3. Nc3 Qd6 4. d4 Nf6 5. Nf3 c6 6. Bc4 Bg4 7. h3 Bh5 8. g4
Bg6 9. Ne5 Nbd7 10. f4 e6 11. Be3 Qb4 12. Bb3 Be4 13. a3 Qa5 14. Nc4 Qc7 15.
Nxe4 Nxe4 16. Qf3 Nef6 17. Ne5 Be7 18. O-O-O Rf8 19. Rhe1 O-O-O 20. g5 Nd5 21.
Bxd5 cxd5 22. Rd3 Kb8 23. Bd2 Nxe5 24. fxe5 Qc4 25. Qe3 Rc8 26. Rc3 Qa2 27.
Rxc8+ Rxc8 28. Bc3 b5 29. Kd2 a5 30. Qd3 Bxg5+ 31. Ke2 Qc4 32. Rg1 Bh6 33. Rf1
b4 34. Bd2 Qxd3+ 35. Kxd3 Bxd2 36. Kxd2 Rc7 37. axb4 axb4 38. Rf3 Ka7 39. h4
Kb8 40. h5 Kc8 41. h6 g6 42. Rb3 Rb7 43. Kd3 Kc7 44. Ke2 Kc6 45. Rf3 Kb5 46. b3
Rc7 47. Kd2 Kb6 48. Rf2 Kb7 49. Rf3 Kc8 50. Rf2 Kd8 51. Rf6 Ke7 52. Rf3 Rc8 53.
Kd1 Rc3 54. Rxc3 bxc3 55. Ke2 f5 56. Kd3 f4 57. Kxc3 g5 58. Kd3 f3 59. Ke3 g4
60. Kf2 Kd7 61. b4 Kc6 62. c3 Kb5 63. Kg3 Kc4 64. Kf2 Kb5 1/2-1/2

[Event "DEM U14 2015"]
[Site "Willingen GER"]
[Date "2015.05.25"]
[Round "3"]
[White "Poghosyan, Tigran"]
[Black "Silber, Kevin"]
[Result "1-0"]
[Termination "normal"]
[Board "17"]
[WhiteElo "2136"]
[BlackElo "1841"]
[PlyCount "85"]
[WhiteFideId "12909319"]
[BlackFideId "12930440"]
[EventCountry "GER"]
[EventRounds "9"]
[EventType "swiss"]
[EventDate "2015.05.23"]

1. e4 e5 2. Nf3 Nc6 3. Bb5 a6 4. Ba4 Nf6 5. O-O Be7 6. Re1 b5 7. Bb3 O-O 8. d3
Bb7 9. c3 d6 10. Nbd2 Na5 11. Bc2 c5 12. Nf1 Qd7 13. Ng3 Rfe8 14. h3 Nc6 15. d4
Rac8 16. d5 Nb8 17. Nh2 Qc7 18. Qf3 Nbd7 19. Nf5 Bf8 20. Bg5 Ra8 21. Ng4 Nxg4
22. hxg4 f6 23. Be3 Bc8 24. g3 Nb6 25. Kg2 Nc4 26. Bc1 Qd7 27. b3 Nb6 28. Rh1
Qf7 29. Rh2 Bxf5 30. gxf5 g6 31. Bd2 gxf5 32. Qxf5 Qg6 33. Qf3 Nxd5 34. Rah1
Ra7 35. Rh4 Rg7 36. Bh6 Nc7 37. Bxg7 Bxg7 38. Rg4 Qf7 39. Qf5 Ne6 40. Rxh7 Ng5
41. Rxg7+ Kxg7 42. f4 exf4 43. gxf4 1-0

[Event "DEM U14 2015"]
[Site "Willingen GER"]
[Date "2015.05.25"]
[Round "3"]
[White "Mätzkow, Maximilian Paul"]
[Black "Wiesner, Alexander"]
[Result "1-0"]
[Termination "normal"]
[Board "18"]
[WhiteElo "2050"]
[BlackElo "1854"]
[PlyCount "155"]
[WhiteFideId "24679933"]
[BlackFideId "12943991"]
[EventCountry "GER"]
[EventRounds "9"]
[EventType "swiss"]
[EventDate "2015.05.23"]

1. e4 c5 2. Nf3 Nc6 3. Bb5 g6 4. Bxc6 dxc6 5. h3 Bg7 6. d3 Nf6 7. Nc3 Nd7 8.
Be3 e5 9. Qd2 Qe7 10. Bh6 Bxh6 11. Qxh6 f6 12. Nd2 Nf8 13. f4 exf4 14. Qxf4 Ne6
15. Qf2 Nd4 16. Nb3 Qd6 17. O-O-O Bd7 18. e5 fxe5 19. Ne4 Nxb3+ 20. axb3 Qf8
21. Qxf8+ Rxf8 22. Nd6+ Ke7 23. Nxb7 Rf2 24. g4 Raf8 25. Rde1 R8f3 26. Rxe5+
Kf6 27. Rhe1 Rf1 28. Nxc5 Bc8 29. g5+ Kf7 30. h4 Rf4 31. Rxf1 Rxf1+ 32. Kd2 Bf5
33. Ne4 Rf4 34. Nd6+ Kf8 35. Nxf5 gxf5 36. h5 Rf2+ 37. Re2 Rf1 38. Re6 f4 39.
Ke2 Rh1 40. Rxc6 Rxh5 41. g6 hxg6 42. Rf6+ Ke7 43. Rxf4 Rc5 44. c4 Ra5 45. Ke3
g5 46. Rf2 Kd6 47. d4 Ke6 48. Ke4 Ra1 49. d5+ Kd6 50. Rg2 Re1+ 51. Kd4 Rd1+ 52.
Kc3 Rc1+ 53. Kd2 Rb1 54. Kc2 Rh1 55. Rxg5 Kc5 56. Rg3 a5 57. Rd3 a4 58. bxa4
Kxc4 59. d6 Rh7 60. Rd2 Rh8 61. d7 Rd8 62. b3+ Kb4 63. Rd4+ Kc5 64. Kc3 Kb6 65.
b4 Kc6 66. Kc4 Kb6 67. Rd6+ Kc7 68. Kc5 Kb7 69. a5 Ka8 70. a6 Kb8 71. Kc6 Ka7
72. Re6 Kxa6 73. Kc7+ Ka7 74. Kxd8 Kb8 75. Rb6+ Ka8 76. Kc7 Ka7 77. d8=N Ka8
78. Ra6# 1-0

[Event "DEM U14 2015"]
[Site "Willingen GER"]
[Date "2015.05.25"]
[Round "3"]
[White "Gungl, Theo"]
[Black "Riedel, Erich"]
[Result "1/2-1/2"]
[Termination "normal"]
[Board "20"]
[WhiteElo "2085"]
[BlackElo "1783"]
[PlyCount "40"]
[WhiteFideId "24695653"]
[BlackFideId "12958646"]
[EventCountry "GER"]
[EventRounds "9"]
[EventType "swiss"]
[EventDate "2015.05.23"]

1. e4 e6 2. d4 d5 3. Nd2 Nf6 4. e5 Nfd7 5. Bd3 c5 6. c3 Nc6 7. Ne2 cxd4 8. cxd4
f6 9. exf6 Nxf6 10. Nf3 Bd6 11. O-O O-O 12. Bf4 Bxf4 13. Nxf4 Ng4 14. g3 g5 15.
Ng2 Qf6 16. Be2 Nh6 17. Ne3 Nf5 18. Nxf5 exf5 19. Ne5 Nxe5 20. dxe5 Qxe5
1/2-1/2

[Event "DEM U14 2015"]
[Site "Willingen GER"]
[Date "2015.05.25"]
[Round "3"]
[White "Piskaykin, Bogdan"]
[Black "Ortmeier, Leonard"]
[Result "1-0"]
[Termination "normal"]
[Board "21"]
[WhiteElo "1771"]
[BlackElo "1737"]
[PlyCount "139"]
[WhiteFideId "12941212"]
[BlackFideId "12993662"]
[EventCountry "GER"]
[EventRounds "9"]
[EventType "swiss"]
[EventDate "2015.05.23"]

1. e4 c5 2. Nf3 Nc6 3. d4 cxd4 4. Nxd4 e5 5. Nb5 a6 6. Nd6+ Bxd6 7. Qxd6 Qf6 8.
Qxf6 Nxf6 9. Nc3 d5 10. Bd3 Nb4 11. exd5 Nxd3+ 12. cxd3 Bf5 13. Bg5 Nd7 14. Ne4
O-O 15. Be7 Rfe8 16. Nd6 Rxe7 17. Nxf5 Ree8 18. Rc1 Nf6 19. Ne3 Rad8 20. Rc5
Rd7 21. O-O Red8 22. Rfc1 h6 23. Nc4 e4 24. Nb6 Rd6 25. Nc8 R6d7 26. dxe4 Nxe4
27. Rc7 Kh7 28. f3 Nf6 29. Rxd7 Rxd7 30. d6 Ne8 31. Re1 Nf6 32. Re7 Rd8 33. Rc7
Kg8 34. Ne7+ Kf8 35. Nf5 b5 36. Ra7 h5 37. Rxa6 g6 38. Nd4 b4 39. Nb5 Ke8 40.
Ra7 Rd7 41. Ra8+ Rd8 42. Ra4 Nd5 43. Nc7+ Nxc7 44. dxc7 Rc8 45. Ra7 Kd7 46. Kf2
Kc6 47. Ra6+ Kb5 48. Ra7 Kb6 49. Ra4 Kb5 50. b3 Rxc7 51. a3 bxa3 52. Rxa3 Kb4
53. Ra4+ Kxb3 54. Rf4 f5 55. Kg3 Rd7 56. h3 Rd2 57. h4 Kc3 58. Ra4 Rd6 59. Ra8
Kd4 60. Kf4 Kd3 61. Kg5 Ke3 62. Rg8 Kf2 63. Rxg6 Rxg6+ 64. Kxg6 Kxg2 65. Kg5
Kg3 66. f4 Kh3 67. Kxh5 Kg3 68. Kg5 Kf3 69. h5 Ke4 70. h6 1-0